000 01103nam0a22002891 4500
001 rc\3009699
005 20250810055845.0
035 _a(NLR Aleph) 007152307
090 _a7164391
_c7164391
100 _a20041026d1941 u y0rusy50 ca
101 0 _arus
102 _aRU
105 _aa z ||||y
200 1 _aВойна в воздухе
_eРассказы старого летчика
_e[Для сред. и ст. возраста]
_fРис. К. Арцеулова
205 _a2-е изд., доп.
210 _aМосква
_aЛенинград
_cДетиздат
_d1941
_eМосква
215 _a120 с., 1 вкл. л. ил.
_cил.
_d20 см
700 1 _aШиуков
_bА.В.
_gАлексей Владимирович
702 1 _aАрцеулов
_bК. К.
_f1891-1980
_gКонстантин Константинович
_3RU\NLR\AUTH\770274915
_4440
801 0 _aRU
_bNLR
_gpsbo
801 1 _aRU
_bELAR
_2rusmarc
852 _aNLR
_jВ80 Г-3/2
942 _cBOOK
945 _aРоссийская национальная библиотека
980 _aNB
980 _aBV